000 00273nam a2200097Ia 4500
008 220204s9999 xx 000 0 und d
082 _a678.4SMR
_bRRC.35B
245 0 _aThirty fifth B round robin crosschecks for SMR testing
260 _aKuala Lumpur
_bRRIM
_c1983
942 _cBK
999 _c43311
_d43311